[Event "Baltic Sea Cup"]
[Site "Ronne"]
[Date "2007.08.03"]
[Round "7.41"]
[White "Nielsen, Rasmus Lundberg"]
[Black "Andersen, Daniel"]
[Result "1/2-1/2"]
[WhiteElo "1795"]
[BlackElo "1997"]
[PlyCount "89"]
[EventDate "2007.??.??"]
[EventType "swiss"]
[EventRounds "9"]
[EventCountry "DEN"]
[SourceDate "2005.12.01"]
[WhiteTeam "Denmark"]
[BlackTeam "Denmark"]
[WhiteTeamCountry "DEN"]
[BlackTeamCountry "DEN"]

1. c4 Nf6 2. g3 g6 3. Nc3 d5 4. cxd5 Nxd5 5. Bg2 Nxc3 6. bxc3 Bg7 7. Nf3 O-O 8.
O-O c5 9. Rb1 Qc7 10. d4 Rd8 11. Qb3 cxd4 12. cxd4 Nc6 13. Bf4 e5 14. dxe5 {=}
Nxe5 15. Rfc1 Nxf3+ 16. Bxf3 Qe7 17. Rc7 Qe6 18. Qxe6 Bxe6 19. Rbxb7 Bxa2 20.
Rxa7 Rxa7 21. Rxa7 Be6 22. Ra8 Rxa8 23. Bxa8 f5 24. Kg2 Bf6 25. h4 Kg7 26. e4
fxe4 27. Bxe4 h6 28. Bd6 g5 29. hxg5 hxg5 30. Kf3 Bd4 31. g4 Kf6 32. Bc7 Bc5
33. Bd8+ Be7 34. Bb6 Bd6 35. Bc6 Bf4 36. Bd8+ Kf7 37. Bb6 Kf6 38. Bd4+ Be5 39.
Bb6 Bd6 40. Be4 Ke7 41. Bf5 Bxf5 42. gxf5 Kf7 43. Kg4 Be7 44. Be3 Bb4 45. Bxg5
1/2-1/2

[Event "Baltic Sea Cup"]
[Site "Ronne"]
[Date "2007.08.03"]
[Round "7.42"]
[White "Hindenes, Andreas Kvinge"]
[Black "Hansen, Anders"]
[Result "1-0"]
[WhiteElo "1664"]
[BlackElo "1795"]
[PlyCount "53"]
[EventDate "2007.??.??"]
[EventType "swiss"]
[EventRounds "9"]
[EventCountry "DEN"]
[SourceDate "2005.12.01"]
[WhiteTeam "Denmark"]
[BlackTeam "Denmark"]
[WhiteTeamCountry "DEN"]
[BlackTeamCountry "DEN"]

1. Nf3 c5 2. c4 Nc6 3. Nc3 e6 4. e4 Qc7 5. d3 a6 6. g3 Nf6 7. Bg2 d6 8. O-O Be7
9. Be3 O-O 10. h3 Rb8 11. a4 Na7 12. b4 b5 13. bxc5 dxc5 14. Bf4 e5 15. Bxe5
Bd6 16. Bxd6 Qxd6 17. e5 Qd8 18. exf6 Qxf6 19. Ne4 Qe7 20. axb5 axb5 21. Re1
Be6 22. Neg5 Nc6 23. Nxe6 fxe6 24. Qe2 Rf6 25. cxb5 Rxb5 26. Ra8+ Kf7 27. Ng5+
1-0

[Event "Baltic Sea Cup"]
[Site "Ronne"]
[Date "2007.08.03"]
[Round "7.43"]
[White "Hornsgaard, Jens Boe"]
[Black "Kristiansen, Orla"]
[Result "0-1"]
[WhiteElo "2052"]
[BlackElo "1842"]
[PlyCount "48"]
[EventDate "2007.??.??"]
[EventType "swiss"]
[EventRounds "9"]
[EventCountry "DEN"]
[SourceDate "2005.12.01"]
[WhiteTeam "Denmark"]
[BlackTeam "Denmark"]
[WhiteTeamCountry "DEN"]
[BlackTeamCountry "DEN"]

1. e4 e6 2. d4 d5 3. Nd2 Nf6 4. e5 Nfd7 5. Bd3 c5 6. c3 Nc6 7. Ne2 cxd4 8. cxd4
f6 9. exf6 Nxf6 10. Nf3 Bd6 11. O-O Qc7 12. Bg5 O-O 13. Nc3 a6 14. Bh4 g6 15.
Bg3 Bxg3 16. hxg3 Qg7 17. Re1 Bd7 18. Qe2 Rae8 19. Rad1 Ng4 20. Bb1 Qh6 21. Qd2
Qh5 22. Na4 Nce5 23. dxe5 Bxa4 24. Rc1 Rxf3 0-1

[Event "Baltic Sea Cup"]
[Site "Ronne"]
[Date "2007.08.03"]
[Round "7.44"]
[White "Ochsner, Bjorn Moller"]
[Black "Knudsen, Jes West"]
[Result "1/2-1/2"]
[WhiteElo "1841"]
[BlackElo "1990"]
[PlyCount "24"]
[EventDate "2007.??.??"]
[EventType "swiss"]
[EventRounds "9"]
[EventCountry "DEN"]
[SourceDate "2005.12.01"]
[WhiteTeam "Denmark"]
[BlackTeam "Denmark"]
[WhiteTeamCountry "DEN"]
[BlackTeamCountry "DEN"]

1. e4 d5 2. exd5 Nf6 3. Nf3 Nxd5 4. d4 Bg4 5. Be2 Qd6 6. O-O Nf4 7. c3 Nxe2+ 8.
Qxe2 e6 9. Be3 Qa6 10. Qxa6 Nxa6 11. Nbd2 Be7 12. Rfe1 h5 1/2-1/2

[Event "Baltic Sea Cup"]
[Site "Ronne"]
[Date "2007.08.03"]
[Round "7.45"]
[White "Noer, Martin Stampe"]
[Black "Olsen, Lars Moller"]
[Result "1/2-1/2"]
[WhiteElo "1766"]
[BlackElo "1961"]
[PlyCount "33"]
[EventDate "2007.??.??"]
[EventType "swiss"]
[EventRounds "9"]
[EventCountry "DEN"]
[SourceDate "2005.12.01"]
[WhiteTeam "Denmark"]
[BlackTeam "Denmark"]
[WhiteTeamCountry "DEN"]
[BlackTeamCountry "DEN"]

1. d4 d5 2. Bg5 h6 3. Bh4 g5 4. Bg3 Bg7 5. e3 Nf6 6. c4 c6 7. Nc3 Qa5 8. Qd2
Bf5 9. Nf3 Nbd7 10. Rc1 O-O 11. Be2 dxc4 12. Bxc4 Nb6 13. Bd3 Bxd3 14. Qxd3
Nbd5 15. Nd2 Nxc3 16. bxc3 c5 17. O-O 1/2-1/2

[Event "Baltic Sea Cup"]
[Site "Ronne"]
[Date "2007.08.03"]
[Round "7.46"]
[White "Poulsen, Iver"]
[Black "Lardot, Derik"]
[Result "1-0"]
[WhiteElo "2178"]
[BlackElo "2034"]
[PlyCount "93"]
[EventDate "2007.??.??"]
[EventType "swiss"]
[EventRounds "9"]
[EventCountry "DEN"]
[SourceDate "2005.12.01"]
[WhiteTeam "Denmark"]
[BlackTeam "Denmark"]
[WhiteTeamCountry "DEN"]
[BlackTeamCountry "DEN"]

1. e4 e5 2. Nf3 Nc6 3. Bb5 f5 4. Nc3 fxe4 5. Nxe4 d5 6. Nxe5 dxe4 7. Nxc6 Qg5
8. Qe2 Nf6 9. f4 Qxf4 10. d4 Qh4+ 11. g3 Qh3 12. Ne5+ c6 13. Bc4 Be6 14. Bf4
Bd6 15. O-O-O O-O-O 16. Rhf1 Rhe8 17. Kb1 Bxc4 18. Qxc4 Bc7 19. Rfe1 Qe6 20.
Qxe6+ Rxe6 21. Kc1 h6 22. h4 Rg8 23. Nd3 Ng4 24. Bxc7 Kxc7 25. Nc5 Re7 26. Rxe4
Rxe4 27. Nxe4 Re8 28. Nc3 Re3 29. Rg1 Kd6 30. Kd2 b5 31. Rf1 b4 32. Ne2 Re7 33.
Rf3 a5 34. b3 Nf6 35. Rf5 Ra7 36. Kd3 Nd5 37. Nf4 Nc3 38. a4 Nd5 39. Ng6 Rc7
40. Ne5 Ra7 41. Rf7 Re7 42. Nc4+ Ke6 43. Rxe7+ Kxe7 44. Nxa5 Kd6 45. Nc4+ Kc7
46. Ne3 Ne7 47. Kc4 1-0

[Event "Baltic Sea Cup"]
[Site "Ronne"]
[Date "2007.08.03"]
[Round "7.47"]
[White "Olsen, Karsten Kierkegaard"]
[Black "Nilsen, Joachim Birger"]
[Result "0-1"]
[WhiteElo "1598"]
[BlackElo "1958"]
[PlyCount "70"]
[EventDate "2007.??.??"]
[EventType "swiss"]
[EventRounds "9"]
[EventCountry "DEN"]
[SourceDate "2005.12.01"]
[WhiteTeam "Denmark"]
[BlackTeam "Denmark"]
[WhiteTeamCountry "DEN"]
[BlackTeamCountry "DEN"]

1. e4 c5 2. Nf3 g6 3. Nc3 Bg7 4. Bc4 Nc6 5. O-O e6 6. Re1 d6 7. a3 a6 8. a4
Nge7 9. Ra3 O-O 10. Ne2 Rb8 11. Ng3 b5 12. axb5 axb5 13. Bf1 h6 14. c3 e5 15.
Ra1 f5 16. exf5 Nxf5 17. Qb3+ Kh8 18. Ne4 c4 19. Qc2 d5 20. Ng3 e4 21. Nd4
Nfxd4 22. cxd4 Nxd4 23. Qd1 Qf6 24. Re2 Bg4 25. f3 exf3 26. Rf2 Nb3 27. Ra7 Qb6
28. Rxg7 Kxg7 29. d4 Nxc1 30. Qxc1 Qxd4 31. Qc3 Qxc3 32. bxc3 fxg2 33. Bxg2
Rxf2 34. Kxf2 d4 35. cxd4 b4 0-1

[Event "Baltic Sea Cup"]
[Site "Ronne"]
[Date "2007.08.03"]
[Round "7.48"]
[White "Zachariassen, John"]
[Black "Kraft, Rene"]
[Result "0-1"]
[WhiteElo "1939"]
[BlackElo "1678"]
[PlyCount "98"]
[EventDate "2007.??.??"]
[EventType "swiss"]
[EventRounds "9"]
[EventCountry "DEN"]
[SourceDate "2005.12.01"]
[WhiteTeam "Denmark"]
[BlackTeam "Denmark"]
[WhiteTeamCountry "DEN"]
[BlackTeamCountry "DEN"]

1. e4 c5 2. Nf3 Nc6 3. Nc3 b6 4. a4 Bb7 5. Bc4 e6 6. O-O Be7 7. d4 cxd4 8. Nxd4
Bf6 9. Be3 a6 10. f4 Nxd4 11. Bxd4 Rc8 12. Bb3 Qc7 13. e5 Be7 14. Qd3 Nh6 15.
Rad1 Bc5 16. Ne4 Bxe4 17. Qxe4 Nf5 18. c3 O-O 19. g4 Ne7 20. f5 Qc6 21. Qg2 b5
22. axb5 axb5 23. Bc2 Qxg2+ 24. Kxg2 Bxd4 25. Rxd4 Nd5 26. Re1 g5 27. Kf3 Rc5
28. Be4 Nb6 29. Bd3 Nd5 30. h4 h6 31. hxg5 hxg5 32. f6 d6 33. exd6 Nxf6 34. Rb4
Rb8 35. c4 Rd8 36. Rd1 bxc4 37. Bxc4 Nd7 38. b3 Kg7 39. Kg3 Ne5 40. Ra4 Rc6 41.
Ra7 Rcxd6 42. Rf1 R8d7 43. Rxd7 Rxd7 44. Re1 Nxc4 45. bxc4 Rd3+ 46. Kf2 Rd4 47.
Rc1 Rxg4 48. c5 Rd4 49. c6 Rd8 0-1

[Event "Baltic Sea Cup"]
[Site "Ronne"]
[Date "2007.08.03"]
[Round "7.50"]
[White "Holm, Kristian Stuvik"]
[Black "Pieri, Enzo"]
[Result "0-1"]
[WhiteElo "1000"]
[BlackElo "1909"]
[PlyCount "90"]
[EventDate "2007.??.??"]
[EventType "swiss"]
[EventRounds "9"]
[EventCountry "DEN"]
[SourceDate "2005.12.01"]
[WhiteTeam "Denmark"]
[BlackTeam "Denmark"]
[WhiteTeamCountry "DEN"]
[BlackTeamCountry "DEN"]

1. d4 d5 2. c4 e6 3. Nf3 Nf6 4. e3 Be7 5. a3 O-O 6. b4 c6 7. Nc3 a6 8. Bb2 Nbd7
9. c5 b5 10. Bd3 Qc7 11. Ne2 Ne4 12. Bxe4 dxe4 13. Nd2 f5 14. Nf4 Nf6 15. O-O
Nd5 16. Nxd5 exd5 17. f3 Be6 18. Bc3 Rf6 19. Nb3 Raf8 20. Kh1 Rh6 21. f4 g5 22.
g3 Kf7 23. Ra2 Rg8 24. Rg1 Ke8 25. Rag2 Bf7 26. Nd2 Bh5 27. Qf1 Bg4 28. Qe1 Bf3
29. Nxf3 exf3 30. Rf2 g4 31. Qd2 Rh3 32. Qd3 Qd7 33. Ra1 Rg6 34. Rb2 h5 35. Be1
h4 36. a4 Rh6 37. Kg1 hxg3 38. Bxg3 Bh4 39. Bxh4 R3xh4 40. Raa2 Rg6 41. axb5
cxb5 42. Qd1 Rh3 43. Qf1 Rgh6 44. Rc2 g3 45. Qa1 f2+ 0-1

[Event "Baltic Sea Cup"]
[Site "Ronne"]
[Date "2007.08.03"]
[Round "7.51"]
[White "Schiendorfer, Alexander"]
[Black "Dinesen, Erland"]
[Result "0-1"]
[WhiteElo "1811"]
[BlackElo "1586"]
[PlyCount "128"]
[EventDate "2007.??.??"]
[EventType "swiss"]
[EventRounds "9"]
[EventCountry "DEN"]
[SourceDate "2005.12.01"]
[WhiteTeam "Denmark"]
[BlackTeam "Denmark"]
[WhiteTeamCountry "DEN"]
[BlackTeamCountry "DEN"]

1. e4 c6 2. c4 e5 3. Nf3 d6 4. Nc3 Nf6 5. h3 Be7 6. Be2 Nbd7 7. O-O O-O 8. a3
a5 9. d3 Re8 10. Be3 Nf8 11. Qb3 N6d7 12. Qc2 Ne6 13. b4 Bf6 14. Rfb1 Nd4 15.
Qd1 h6 16. Nh2 Bg5 17. Qd2 axb4 18. Rxb4 Nc5 19. Bd1 Rf8 20. Nf3 Bxe3 21. fxe3
Nxf3+ 22. Bxf3 Qg5 23. Kh2 h5 24. Qe2 h4 25. d4 Qg3+ 26. Kh1 exd4 27. exd4 Ne6
28. Qe3 Nf4 29. Rb2 Re8 30. Qf2 Qxf2 31. Rxf2 Ng6 32. Bh5 Ra5 33. Bxg6 fxg6 34.
Kg1 Bd7 35. Rf3 b5 36. cxb5 cxb5 37. Rb1 Rxa3 38. Nxb5 Rxf3 39. gxf3 Rb8 40.
Nc3 Rxb1+ 41. Nxb1 Bxh3 42. Nc3 Bd7 43. f4 Kf7 44. Kf2 g5 45. fxg5 Kg6 46. e5
dxe5 47. dxe5 Kxg5 48. Ne4+ Kf5 49. Nc5 Be6 50. Kg2 Kxe5 51. Nd3+ Kf5 52. Nf2
g5 53. Nd3 Bc8 54. Nc5 Kf4 55. Nd3+ Ke3 56. Ne5 Bf5 57. Nc4+ Kf4 58. Kh2 g4 59.
Nd2 g3+ 60. Kg1 Bd3 61. Kg2 Kg4 62. Kh1 Ba6 63. Kg1 h3 64. Kh1 Bb7+ 0-1

[Event "Baltic Sea Cup"]
[Site "Ronne"]
[Date "2007.08.03"]
[Round "7.52"]
[White "Simonsen, Per Barndorff"]
[Black "Jacobsen, Mads Holger"]
[Result "1/2-1/2"]
[WhiteElo "2023"]
[BlackElo "1480"]
[PlyCount "66"]
[EventDate "2007.??.??"]
[EventType "swiss"]
[EventRounds "9"]
[EventCountry "DEN"]
[SourceDate "2005.12.01"]
[WhiteTeam "Denmark"]
[BlackTeam "Denmark"]
[WhiteTeamCountry "DEN"]
[BlackTeamCountry "DEN"]

1. d4 Nf6 2. c4 g6 3. Nc3 Bg7 4. e4 d6 5. f3 Nbd7 6. Bg5 h6 7. Be3 e5 8. d5 b6
9. Qd2 Bb7 10. Nge2 a5 11. g4 Nc5 12. g5 hxg5 13. Bxg5 Qd7 14. h4 Nh7 15. Bh3
f5 16. exf5 gxf5 17. Ng3 Rf8 18. O-O-O Bc8 19. Rhg1 Nxg5 20. Qxg5 Qf7 21. Nh5
Bh8 22. Ng7+ Bxg7 23. Qxg7 Qxg7 24. Rxg7 Bd7 25. Kc2 Rh8 26. h5 O-O-O 27. Rg5
f4 28. Bxd7+ Rxd7 29. Rdg1 Rdh7 30. Rg8+ Rxg8 31. Rxg8+ Kd7 32. Rg5 Ke7 33. Rf5
Rf7 1/2-1/2

[Event "Baltic Sea Cup"]
[Site "Ronne"]
[Date "2007.08.03"]
[Round "7.53"]
[White "Trarup, Jorgen"]
[Black "Hansen, Ib Lynaes"]
[Result "0-1"]
[WhiteElo "1863"]
[BlackElo "1926"]
[PlyCount "108"]
[EventDate "2007.??.??"]
[EventType "swiss"]
[EventRounds "9"]
[EventCountry "DEN"]
[SourceDate "2005.12.01"]
[WhiteTeam "Denmark"]
[BlackTeam "Denmark"]
[WhiteTeamCountry "DEN"]
[BlackTeamCountry "DEN"]

1. e4 c5 2. Nf3 g6 3. Bc4 Bg7 4. O-O e6 5. Nc3 a6 6. Re1 Nf6 7. h3 O-O 8. a3
Nc6 9. Rb1 b5 10. Bf1 d5 11. exd5 Nxd5 12. Ne2 Ra7 13. c3 Rd7 14. Qc2 Bb7 15.
c4 bxc4 16. Qxc4 Na5 17. Qc2 Qe7 18. d3 Rc8 19. Bd2 Nc6 20. Rbc1 Nd4 21. Nfxd4
cxd4 22. Qa4 Nc7 23. Rc2 Nb5 24. Rxc8+ Bxc8 25. Rc1 Bb7 26. Qb4 Qd8 27. a4 Na7
28. Qc5 Nc6 29. Qa3 Bf8 30. Qa1 a5 31. Qb1 Nb4 32. b3 e5 33. Ng3 f5 34. f3 Rc7
35. Rxc7 Qxc7 36. Kf2 Be7 37. Nh1 Bd8 38. Bxb4 axb4 39. Be2 Bh4+ 40. g3 Bg5 41.
Bd1 Qc3 42. Qc2 Be3+ 43. Kg2 Qe1 44. Nf2 Bxf2 45. Qxf2 Qxd1 46. g4 Qxd3 47.
gxf5 Qxf5 48. h4 d3 49. a5 Qg4+ 50. Kf1 Qxf3 51. Qxf3 Bxf3 52. Ke1 Bb7 53. Kd2
e4 54. Ke3 Kf7 0-1

[Event "Baltic Sea Cup"]
[Site "Ronne"]
[Date "2007.08.03"]
[Round "7.54"]
[White "Pedersen, Lasse"]
[Black "Kallenbach, Uffe"]
[Result "1-0"]
[WhiteElo "1062"]
[BlackElo "1596"]
[PlyCount "95"]
[EventDate "2007.??.??"]
[EventType "swiss"]
[EventRounds "9"]
[EventCountry "DEN"]
[SourceDate "2005.12.01"]
[WhiteTeam "Denmark"]
[BlackTeam "Denmark"]
[WhiteTeamCountry "DEN"]
[BlackTeamCountry "DEN"]

1. Nf3 Nf6 2. c4 e6 3. Nc3 d5 4. d4 Be7 5. g3 c5 6. Bg2 Nbd7 7. b3 O-O 8. O-O
cxd4 9. Nxd4 Bb4 10. Bb2 e5 11. Nc2 Bxc3 12. Bxc3 d4 13. Bb4 Re8 14. e3 dxe3
15. Nxe3 Nf8 16. Bc3 Ng6 17. Qxd8 Rxd8 18. Rad1 Re8 19. Rd2 Rb8 20. Rfd1 Be6
21. Bb4 b6 22. Bc6 Rec8 23. Bd6 Rxc6 24. Bxb8 h6 25. Rd8+ Kh7 26. Bxa7 Ne4 27.
Nd5 Bg4 28. Rd3 Nc5 29. Re3 Ne6 30. Rb8 b5 31. Rxb5 Ra6 32. Bb8 Rxa2 33. Bxe5
Nxe5 34. Rxe5 Nd4 35. Ne3 Bh3 36. Ra5 Nf3+ 37. Kh1 Rb2 38. Nd1 Nxe5 39. Nxb2
Nf3 40. b4 Bc8 41. b5 Ng5 42. b6 Nh3 43. Rd5 Bb7 44. Nd3 Ng5 45. Kg1 Nf3+ 46.
Kf1 Bxd5 47. cxd5 Nd4 48. b7 1-0

[Event "Baltic Sea Cup"]
[Site "Ronne"]
[Date "2007.08.03"]
[Round "7.55"]
[White "Valle, Lorenzo"]
[Black "Ronne Larsen, Dennis"]
[Result "1-0"]
[WhiteElo "1541"]
[BlackElo "1000"]
[PlyCount "67"]
[EventDate "2007.??.??"]
[EventType "swiss"]
[EventRounds "9"]
[EventCountry "DEN"]
[SourceDate "2005.12.01"]
[WhiteTeam "Denmark"]
[BlackTeam "Denmark"]
[WhiteTeamCountry "DEN"]
[BlackTeamCountry "DEN"]

1. e4 Nf6 2. d3 d5 3. Nd2 Nc6 4. Ngf3 e5 5. g3 Bg4 6. Bg2 Qd6 7. O-O O-O-O 8.
h3 Bxf3 9. Qxf3 Nd4 10. Qd1 Nxe4 11. dxe4 Qh6 12. exd5 g6 13. Nf3 Qg7 14. c3
Nxf3+ 15. Qxf3 f5 16. Bg5 Rd6 17. c4 e4 18. Qe2 Rd7 19. Rfd1 Bc5 20. Be3 Bb4
21. a3 Bd6 22. Bd4 Be5 23. Bxe5 Qxe5 24. Qe3 Qxb2 25. Qxa7 Kd8 26. Rab1 Qe5 27.
Rxb7 Ke7 28. d6+ cxd6 29. Rxd7+ Kf6 30. h4 g5 31. R7xd6+ Qe6 32. Rxe6+ Kxe6 33.
Qd7+ Ke5 34. Qd6# 1-0

[Event "Baltic Sea Cup"]
[Site "Ronne"]
[Date "2007.08.03"]
[Round "7.56"]
[White "Holt, Michael"]
[Black "Hein, Jacob"]
[Result "0-1"]
[WhiteElo "1000"]
[BlackElo "1329"]
[PlyCount "42"]
[EventDate "2007.??.??"]
[EventType "swiss"]
[EventRounds "9"]
[EventCountry "DEN"]
[SourceDate "2005.12.01"]
[WhiteTeam "Denmark"]
[BlackTeam "Denmark"]
[WhiteTeamCountry "DEN"]
[BlackTeamCountry "DEN"]

1. b3 d5 2. Bb2 Nc6 3. e3 e5 4. Nf3 Bg4 5. Be2 Bd6 6. d4 Bxf3 7. Bxf3 e4 8. Be2
Qg5 9. O-O h5 10. h3 Rh6 11. Kh1 Nf6 12. Qd2 O-O-O 13. c4 Rg6 14. Rg1 Ng4 15.
Bxg4+ hxg4 16. g3 Rh6 17. Kg2 gxh3+ 18. Kf1 h2 19. Rh1 Qf5 20. Ke1 Qf3 21. Rxh2
Rxh2 0-1

[Event "Baltic Sea Cup"]
[Site "Ronne"]
[Date "2007.08.04"]
[Round "8.2"]
[White "Stripunsky, Alexander"]
[Black "Rasmussen, Allan Stig"]
[Result "0-1"]
[WhiteElo "2589"]
[BlackElo "2450"]
[PlyCount "71"]
[EventDate "2007.??.??"]
[EventType "swiss"]
[EventRounds "9"]
[EventCountry "DEN"]
[SourceDate "2005.12.01"]
[WhiteTeam "Denmark"]
[BlackTeam "Denmark"]
[WhiteTeamCountry "DEN"]
[BlackTeamCountry "DEN"]

1. e4 c6 2. c4 d5 3. exd5 cxd5 4. cxd5 Nf6 5. Nc3 Nxd5 6. d4 e6 7. Nf3 Be7 8.
Bd3 Nc6 9. O-O O-O 10. Re1 Bf6 11. a3 Bd7 12. Bc2 Nce7 13. h4 Bc6 14. Ne4 Nf5
15. h5 h6 16. Qd3 Re8 17. g4 Nd6 18. Ng3 Kf8 19. Bd2 Rc8 20. Qh7 Ke7 21. a4 a5
22. Ne5 Qb6 23. Qd3 Kf8 24. Rac1 Red8 25. Ne2 Nb4 26. Bxb4 Qxb4 27. Nc3 Bxe5
28. Rxe5 Nc4 29. Rb5 Bxb5 30. Nxb5 Qd2 31. Rb1 Qxd3 32. Bxd3 Nd2 33. Ra1 Nb3
34. Ra3 Nxd4 35. Kg2 Nc2 36. Ra1 0-1

[Event "Baltic Sea Cup"]
[Site "Ronne"]
[Date "2007.08.04"]
[Round "8.3"]
[White "Kasparov, Sergey"]
[Black "Rozentalis, Eduardas"]
[Result "1/2-1/2"]
[WhiteElo "2500"]
[BlackElo "2551"]
[PlyCount "42"]
[EventDate "2007.??.??"]
[EventType "swiss"]
[EventRounds "9"]
[EventCountry "DEN"]
[SourceDate "2005.12.01"]
[WhiteTeam "Denmark"]
[BlackTeam "Denmark"]
[WhiteTeamCountry "DEN"]
[BlackTeamCountry "DEN"]

1. d4 Nf6 2. c4 e6 3. Nc3 Bb4 4. e3 O-O 5. Bd3 d5 6. Nge2 c5 7. cxd5 exd5 8.
O-O Nc6 9. Bd2 cxd4 10. exd4 h6 11. Rc1 Re8 12. Bf4 a6 13. Bb1 Bd6 14. Bxd6
Qxd6 15. Qd2 Nh5 16. Rfe1 Bg4 17. f3 Bd7 18. Qd3 Nf6 19. Qd2 Nh5 20. Qd3 Nf6
21. Qd2 Nh5 1/2-1/2

[Event "Baltic Sea Cup"]
[Site "Ronne"]
[Date "2007.08.04"]
[Round "8.4"]
[White "Kristiansen, Jens"]
[Black "Hector, Jonny"]
[Result "1/2-1/2"]
[WhiteElo "2436"]
[BlackElo "2550"]
[PlyCount "79"]
[EventDate "2007.??.??"]
[EventType "swiss"]
[EventRounds "9"]
[EventCountry "DEN"]
[SourceDate "2005.12.01"]
[WhiteTeam "Denmark"]
[BlackTeam "Denmark"]
[WhiteTeamCountry "DEN"]
[BlackTeamCountry "DEN"]

1. e4 e5 2. Bc4 Nf6 3. d3 Nc6 4. Nc3 Na5 5. Nge2 Be7 6. O-O O-O 7. Ng3 d6 8. h3
c6 9. Bb3 Nxb3 10. axb3 d5 11. Qf3 d4 12. Nce2 Ne8 13. Qh5 Bf6 14. f4 g6 15.
Qf3 exf4 16. Bxf4 Bg7 17. Bd2 Qe7 18. Qf2 f5 19. Nxd4 fxe4 20. Qe3 Nc7 21. dxe4
Bd7 22. Rxf8+ Bxf8 23. Qf4 Bg7 24. Bc3 Be5 25. Qe3 Bd6 26. Re1 Rf8 27. Qd3 b5
28. e5 Bc5 29. Ne4 Bf5 30. Kh1 Bxd4 31. Qxd4 Ne6 32. Nf6+ Qxf6 33. exf6 Nxd4
34. Bxd4 Bxc2 35. b4 Rd8 36. Bxa7 Kf7 37. Bc5 Rd2 38. Be3 Rd5 39. Rf1 Rd7 40.
Bc1 1/2-1/2

[Event "Baltic Sea Cup"]
[Site "Ronne"]
[Date "2007.08.04"]
[Round "8.5"]
[White "Savchenko, Boris"]
[Black "Vera Gonzalez, Reynaldo"]
[Result "0-1"]
[WhiteElo "2577"]
[BlackElo "2479"]
[PlyCount "144"]
[EventDate "2007.??.??"]
[EventType "swiss"]
[EventRounds "9"]
[EventCountry "DEN"]
[SourceDate "2005.12.01"]
[WhiteTeam "Denmark"]
[BlackTeam "Denmark"]
[WhiteTeamCountry "DEN"]
[BlackTeamCountry "DEN"]

1. d4 Nf6 2. c4 e6 3. Nc3 Bb4 4. e3 b6 5. Nge2 Ba6 6. a3 Be7 7. Nf4 d5 8. b3
O-O 9. Bb2 Bb7 10. Qf3 a5 11. Bd3 Na6 12. Rd1 dxc4 13. Qxb7 cxd3 14. Nxd3 Nd5
15. Nxd5 Qxd5 16. Qxd5 exd5 17. Ke2 Bd6 18. Rd2 Rfe8 19. Rc1 Rac8 20. a4 f6 21.
Ra1 Kf7 22. Ba3 Bxa3 23. Rxa3 Ke7 24. Ra1 Kd6 25. g4 Re7 26. h4 Rce8 27. Kf3
Re4 28. Nf4 Nb4 29. g5 f5 30. Rc1 c6 31. h5 Rc8 32. Ke2 Rce8 33. Kf3 Rc8 34.
Rg1 c5 35. dxc5+ bxc5 36. Rgd1 Re5 37. Ne2 Rf8 38. Kg2 Kc6 39. Rh1 Rfe8 40. Kf3
Rf8 41. Rc1 Kd6 42. Nf4 Rb8 43. Rcd1 Kc6 44. Kg3 Rd8 45. Rc1 Rde8 46. Rd3 Nxd3
47. Nxd3 Rxe3+ 48. fxe3 Rxe3+ 49. Kf4 Rxd3 50. Re1 Rxb3 51. Re6+ Kd7 52. Ra6
Rb7 53. Ke5 d4 54. Rxa5 Kc6 55. Ra6+ Rb6 56. Ra8 Rb4 57. Rc8+ Kb6 58. a5+ Kxa5
59. Rxc5+ Rb5 60. Kxd4 Rxc5 61. Kxc5 g6 62. h6 Ka6 63. Kd4 Kb6 64. Ke5 Kc6 65.
Kf6 f4 66. Kg7 f3 67. Kxh7 f2 68. Kg7 f1=Q 69. h7 Qa1+ 70. Kg8 Qa2+ 71. Kf8 Qb2
72. Kg8 Qb3+ 0-1

[Event "Baltic Sea Cup"]
[Site "Ronne"]
[Date "2007.08.04"]
[Round "8.6"]
[White "Matthiesen, Martin"]
[Black "Hillarp Persson, Tiger"]
[Result "1/2-1/2"]
[WhiteElo "2363"]
[BlackElo "2568"]
[PlyCount "84"]
[EventDate "2007.??.??"]
[EventType "swiss"]
[EventRounds "9"]
[EventCountry "DEN"]
[SourceDate "2005.12.01"]
[WhiteTeam "Denmark"]
[BlackTeam "Denmark"]
[WhiteTeamCountry "DEN"]
[BlackTeamCountry "DEN"]

1. d4 d5 2. c4 c6 3. Nf3 Nf6 4. Nc3 e6 5. Bg5 h6 6. Bxf6 Qxf6 7. e3 Nd7 8. Bd3
dxc4 9. Bxc4 g6 10. O-O Bg7 11. e4 e5 12. d5 Nb6 13. Bb3 Bg4 14. h3 Bxf3 15.
Qxf3 Qxf3 16. gxf3 Ke7 17. dxc6 bxc6 18. Rac1 Rhd8 19. Rfd1 Bf8 20. Na4 Rxd1+
21. Rxd1 Rc8 22. Kf1 Rc7 23. Nxb6 axb6 24. Rd2 Kf6 25. Rd8 Bc5 26. a4 Bd4 27.
Rb8 Kg5 28. Rf8 Kf6 29. Rb8 Kg5 30. Rf8 b5 31. axb5 cxb5 32. Rxf7 Rc1+ 33. Kg2
Rb1 34. Be6 h5 35. b3 Rb2 36. f4+ exf4 37. h4+ Kxh4 38. Rxf4+ Kg5 39. Rf7 Kh4
40. Rf4+ Kg5 41. Rf7 Re2 42. Bd5 Rb2 1/2-1/2

[Event "Baltic Sea Cup"]
[Site "Ronne"]
[Date "2007.08.04"]
[Round "8.7"]
[White "Pilgaard, Kim"]
[Black "Brinck Claussen, Bjorn"]
[Result "1-0"]
[WhiteElo "2448"]
[BlackElo "2324"]
[PlyCount "89"]
[EventDate "2007.??.??"]
[EventType "swiss"]
[EventRounds "9"]
[EventCountry "DEN"]
[SourceDate "2005.12.01"]
[WhiteTeam "Denmark"]
[BlackTeam "Denmark"]
[WhiteTeamCountry "DEN"]
[BlackTeamCountry "DEN"]

1. e4 e5 2. Nf3 Nc6 3. Bc4 Bc5 4. c3 Nf6 5. d3 a6 6. Nbd2 d6 7. Bb3 O-O 8. Nf1
Ng4 9. d4 exd4 10. cxd4 Bb4+ 11. Bd2 Qe7 12. Ng3 Nf6 13. Bxb4 Nxb4 14. O-O c5
15. Re1 Nc6 16. e5 dxe5 17. dxe5 Ne8 18. Rc1 Bg4 19. Qd5 Bxf3 20. Qxf3 Nd4 21.
Qc3 b6 22. f4 Nc7 23. Qe3 Nxb3 24. axb3 Rad8 25. f5 Qh4 26. Rc4 Rd4 27. f6 g6
28. Ne4 Nd5 29. Qf2 Qxf2+ 30. Kxf2 Rd3 31. Nc3 Rd2+ 32. Re2 Rxe2+ 33. Kxe2
Nxc3+ 34. bxc3 Re8 35. Re4 b5 36. b4 cxb4 37. cxb4 h5 38. h4 a5 39. bxa5 Ra8
40. Rb4 Rxa5 41. Ke3 Kf8 42. Kd4 Ke8 43. Kd5 Kd7 44. g3 Ra3 45. Rxb5 1-0

[Event "Baltic Sea Cup"]
[Site "Ronne"]
[Date "2007.08.04"]
[Round "8.8"]
[White "Cabrera Trujillo, Jorge"]
[Black "Lund, Esben"]
[Result "0-1"]
[WhiteElo "2324"]
[BlackElo "2396"]
[PlyCount "108"]
[EventDate "2007.??.??"]
[EventType "swiss"]
[EventRounds "9"]
[EventCountry "DEN"]
[SourceDate "2005.12.01"]
[WhiteTeam "Denmark"]
[BlackTeam "Denmark"]
[WhiteTeamCountry "DEN"]
[BlackTeamCountry "DEN"]

1. e4 e5 2. Nf3 Nc6 3. Bb5 Nf6 4. O-O Nxe4 5. d4 Nd6 6. Bxc6 dxc6 7. dxe5 Nf5
8. Qxd8+ Kxd8 9. Nc3 Bd7 10. h3 h6 11. b3 Kc8 12. Bb2 b6 13. Rad1 Be7 14. Ne4
c5 15. Nc3 Bc6 16. Nd5 Rd8 17. c4 Bf8 18. Rd3 Kb7 19. Rfd1 Rd7 20. g4 Ne7 21.
Nxe7 Rxd3 22. Rxd3 Bxe7 23. Kg2 h5 24. Kg3 hxg4 25. hxg4 Rh8 26. Rd1 a5 27. a4
Kc8 28. Rd3 Rh1 29. Kf4 Rh3 30. Rc3 Kd8 31. Re3 Ke8 32. e6 f6 33. Ne1 Bd6+ 34.
Kf5 Rxe3 35. fxe3 Ke7 36. g5 g6+ 37. Kxg6 Be4+ 38. Kh5 fxg5 39. Kg4 Kxe6 40.
Nf3 Be7 41. Nd2 Bc2 42. Bg7 Bd1+ 43. Kg3 Bd6+ 44. Kg2 Kf5 45. Kh3 g4+ 46. Kg2
Bc2 47. Bc3 Be4+ 48. Kg1 g3 49. Bg7 Bc6 50. Bc3 Kg4 51. Bf6 g2 52. e4 Bf4 53.
Bc3 Kh3 54. Nf3 Be3# 0-1